[Event "Challenge"]
[Site "http://www.queenalice.com/game.php?id=1637899"]
[Date "2020.12.28"]
[Round "-"]
[White "jbugg"]
[Black "BMJFF33"]
[Result "0-1"]
[WhiteElo "1366"]
[BlackElo "1322"]

1. e4 e6 2. Nf3 Na6 3. Bxa6 bxa6 4. O-O g6 5. b3 Bd6 6. Bb2 Nf6 7. e5 O-O 8.
exd6 cxd6 9. Qe2 Qc7 10. c4 d5 11. Bxf6 dxc4 12. bxc4 Qf4 13. Be5 Qg4 14. Nc3 f6
15. Bd6 Rd8 16. Be7 Re8 17. Bxf6 Bb7 18. Bd4 Rf8 19. h3 Bxf3 20. hxg4 Bxe2 21.
Nxe2 h5 22. gxh5 gxh5 23. Ng3 h4 24. Nh1 Rf7 25. Be5 Rd8 26. Rfe1 d6 27. Bh2 Rg7
28. Re3 d5 29. Rh3 Rh7 30. g4 dxc4 31. Re1 Rxd2 32. a4 Ra2 33. Rxe6 Rxa4 34.
Re8+ Kg7 35. Be5+ Kg6 36. Rg8+ Kf7 37. Ra8 Kg6 38. Bd4 Kg5 39. Rg8+ Kf4 40. Be3+
Ke4 41. Re8+ Kd3 42. Bg5+ Kc2 43. Bxh4 Rg7 44. g5 Rh7 45. Ree3 Rc7 46. Rc3+ Kb2
47. Rhe3 a5 48. Re2+ Kxc3 49. Re3+ Kd2 50. Rg3 c3 51. g6 Rxh4 52. g7 Rxg7 53.
Rxg7 c2 54. Rd7+ Kc3 55. Rc7+ Rc4 0-1

[Event "Challenge"]
[Site "http://www.queenalice.com/game.php?id=1638121"]
[Date "2020.12.29"]
[Round "-"]
[White "jbugg"]
[Black "dpambakian"]
[Result "0-1"]
[WhiteElo "1348"]
[BlackElo "1450"]

1. e4 e5 2. Nf3 Nf6 3. Nxe5 d6 4. Nf3 Bg4 5. Be2 Nxe4 6. d3 Nf6 7. h3 Bf5 8. Nh4
Be6 9. Bf3 d5 10. Bg5 h6 11. Bf4 Bb4+ 12. c3 Ba5 13. b4 Bb6 14. Qa4+ Bd7 15. b5
O-O 16. Na3 Be6 17. O-O Nh5 18. Bxh5 Qxh4 19. Bf3 g5 20. Qd1 Qxf4 21. Qe2 Qg3
22. Kh1 Qf4 23. Rae1 a6 24. g3 Qf5 25. g4 Qf6 26. Bg2 axb5 27. Nxb5 c6 28. Nd4
c5 29. Nb5 Ra5 30. Nd6 Bc7 31. Nxb7 Qf4 32. Nxa5 Qh2# 0-1

[Event "Challenge"]
[Site "http://www.queenalice.com/game.php?id=1639163"]
[Date "2021.1.7"]
[Round "-"]
[White "dpambakian"]
[Black "jbugg"]
[Result "0-1"]
[WhiteElo "1437"]
[BlackElo "1343"]

1. e4 e5 2. Bc4 Nh6 3. Nh3 Bc5 4. Qh5 Qe7 5. d3 Qf6 6. Bg5 Qg6 7. Qf3 O-O 8. O-O
Bd4 9. Na3 Bxb2 10. Rab1 Bxa3 11. Rb3 Bd6 12. d4 exd4 13. Qg3 Bxg3 14. hxg3 Qxe4
15. f3 Qxc2 16. Rd3 Qxc4 17. Rd2 d6 18. Rb2 Bxh3 19. gxh3 b6 20. Rc1 Qd5 21. Bf4
Qxf3 22. Rf2 Qe3 23. Bxe3 dxe3 24. Re2 Nf5 25. Rf1 Nxg3 26. Rxe3 Nxf1 27. Kxf1
Nc6 28. Re7 Nxe7 0-1

[Event "Challenge"]
[Site "http://www.queenalice.com/game.php?id=1640028"]
[Date "2021.1.15"]
[Round "-"]
[White "jbugg"]
[Black "dpambakian"]
[Result "0-1"]
[WhiteElo "1363"]
[BlackElo "1417"]

1. e4 e5 2. Nf3 Nf6 3. Nc3 Bc5 4. Nxe5 O-O 5. Bc4 Ne8 6. Qg4 d6 7. Qf4 dxe5 8.
Qxe5 Bd6 9. Qd4 Nc6 10. Qd5 Nb4 11. Qf5 Bxf5 12. O-O Bg4 13. Bb3 Qg5 14. a3 Bf3
15. g3 Qh6 16. axb4 Qh3 17. Re1 Qg2# 0-1

[Event "Challenge"]
[Site "http://www.queenalice.com/game.php?id=1640497"]
[Date "2021.1.19"]
[Round "-"]
[White "dpambakian"]
[Black "jbugg"]
[Result "1-0"]
[WhiteElo "1421"]
[BlackElo "1362"]

1. e4 e5 2. Bc4 Nh6 3. Nf3 Bd6 4. d3 Bb4+ 5. c3 Ba5 6. Nxe5 Qe7 7. Nf3 O-O 8.
Bg5 Qc5 9. Nd4 Qxg5 10. Nf3 Qxg2 11. Rg1 Qh3 12. Ng5 Qxh2 13. Nf3 Qh3 14. Ng5
Qh2 15. Rf1 Qg2 16. Nf3 d6 17. Nh4 Qh2 18. Nf3 Qh5 19. Na3 Bh3 20. Rh1 Bg2 21.
Rxh5 Re8 22. Nh4 Bh3 23. Qf3 Bg4 24. Qf4 Bxh5 25. Qg5 Bf3 26. Nf5 Nxf5 27. Qxf5
Re7 28. Qc8+ 1-0

[Event "Challenge"]
[Site "http://www.queenalice.com/game.php?id=1640856"]
[Date "2021.1.21"]
[Round "-"]
[White "jbugg"]
[Black "dosoldini"]
[Result "0-1"]
[WhiteElo "1348"]
[BlackElo "1289"]

1. e4 e5 2. Nf3 Qf6 3. Qe2 Nc6 4. Qe3 Be7 5. Bc4 b6 6. O-O Bc5 7. Qe2 Nge7 8. d3
d6 9. Nc3 Qg6 10. Nh4 Qf6 11. Nd5 Qxh4 12. Nxe7 Nxe7 13. Be3 O-O 14. Bxc5 dxc5
15. Qf3 Be6 16. a3 Ng6 17. b4 Bxc4 18. dxc4 Nf4 19. Qg3 Ne2+ 20. Kh1 Nxg3+ 21.
fxg3 Qxe4 22. Rae1 Qxc4 23. Kg1 Rad8 24. Rxe5 Qd4+ 0-1

[Event "Challenge"]
[Site "http://www.queenalice.com/game.php?id=1640993"]
[Date "2021.1.22"]
[Round "-"]
[White "jbugg"]
[Black "dpambakian"]
[Result "0-1"]
[WhiteElo "1348"]
[BlackElo "1420"]

1. e4 e5 2. Nf3 Nf6 3. Nxe5 Nxe4 4. d3 Nc5 5. Be3 Bd6 6. Nc4 Be7 7. d4 Ne4 8.
Qe2 O-O 9. Qf3 d5 10. Ncd2 Nf6 11. Bd3 Bg4 12. Qf4 Bd6 13. Qg5 h6 14. Qh4 Be7
15. f3 Bh5 16. Nc3 g6 17. Bxh6 Re8 18. Bf4 Nh7 19. O-O-O Bxh4 20. Kb1 g5 21. Bg3
Nc6 22. Nb5 a6 23. Nc3 Qe7 24. Nxd5 Qe6 25. Nxc7 Nb4 26. Nxa8 Qxa2+ 27. Kc1 Qa1+
28. Nb1 Bxg3 29. hxg3 Rc8 30. Nb6 Rc6 31. Nc4 b5 32. Ne5 Rxc2+ 33. Bxc2 Nf6 34.
g4 Bg6 35. Nxg6 Qa5 36. Ne7+ Kf8 37. Nf5 Qc7 38. Na3 Nbd5 39. Rh6 Nd7 40. Rxa6
Nb4 41. Ra8+ Nb8 42. Nxb5 Qxc2# 0-1

[Event "Challenge"]
[Site "http://www.queenalice.com/game.php?id=1641369"]
[Date "2021.1.25"]
[Round "-"]
[White "jbugg"]
[Black "luca77"]
[Result "1-0"]
[WhiteElo "1300"]
[BlackElo "1247"]

1. e4 e5 2. Nf3 d6 3. Bc4 Be6 4. O-O Bxc4 5. d3 Be6 6. Bg5 f6 7. Bh4 c5 8. c4
Qc7 9. Qb3 Nd7 10. a4 O-O-O 11. Ra3 Ne7 12. a5 a6 13. Nc3 Nc6 14. Na4 Nxa5 15.
Qc3 b6 16. Rb1 g5 17. Bg3 Bh6 18. b4 cxb4 19. Qxb4 Kb7 20. Nd2 g4 21. Nf1 Rhg8
22. Ne3 Bxe3 23. fxe3 Nc6 24. Qb2 Kc8 25. Be1 h5 26. Qf2 Rgf8 27. Nc3 Rf7 28.
Rxa6 Rh8 29. Rba1 1-0

[Event "Challenge"]
[Site "http://www.queenalice.com/game.php?id=1641829"]
[Date "2021.1.28"]
[Round "-"]
[White "dpambakian"]
[Black "jbugg"]
[Result "1-0"]
[WhiteElo "1403"]
[BlackElo "1318"]

1. e4 e5 2. Bc4 Bc5 3. Nh3 Nf6 4. O-O Nxe4 5. Qf3 Nf6 6. Nc3 O-O 7. d3 Qe7 8.
Qg3 g6 9. Nb5 Bb6 10. Ng5 c6 11. Nc3 Nh5 12. Qf3 d5 13. Bb3 d4 14. Nce4 Bf5 15.
Ng3 h6 16. Nh3 Bxh3 17. Ne4 Bf5 18. Ng3 Qf6 19. Bxh6 Re8 20. Rae1 g5 21. Nxh5
Qxh6 22. c3 Nd7 23. Qxf5 Qxh5 24. cxd4 Nf8 25. h3 Bxd4 26. g4 Qh7 27. Qxg5+ Ng6
28. Bc2 Bxb2 29. d4 Bxd4 30. Rb1 b5 31. Bb3 Rf8 32. Rbc1 c5 33. a4 b4 34. h4
Qxh4 35. Qxg6+ Kh8 36. Bxf7 Rac8 37. g5 Rc7 38. Qf6+ Kh7 39. g6+ Kh6 40. Qxh4+
Kg7 41. Kg2 c4 42. f4 e4 43. f5 a5 44. f6+ Bxf6 45. Qh7# 1-0

[Event "Challenge"]
[Site "http://www.queenalice.com/game.php?id=1643662"]
[Date "2021.2.15"]
[Round "-"]
[White "dpambakian"]
[Black "jbugg"]
[Result "1-0"]
[WhiteElo "1394"]
[BlackElo "1325"]

1. e4 e5 2. Bc4 Nh6 3. Nf3 Qe7 4. O-O Nc6 5. d3 Qc5 6. Ng5 f6 7. Nf3 d6 8. Nc3
Bg4 9. Na4 Qa5 10. Bb3 Nd4 11. c3 Nxf3+ 12. gxf3 Bd7 13. d4 b5 14. dxe5 bxa4 15.
Bc4 Rb8 16. exd6 cxd6 17. b4 Qe5 18. f4 Qxe4 19. Re1 Qe7 20. Rxe7+ Bxe7 21. Qe1
Rc8 22. Ba6 Rc6 23. Bd3 O-O 24. Qxe7 Rc7 25. Qxd6 Rb7 26. Qd5+ Nf7 27. Qxb7 Rd8
28. Bc4 h6 29. Be3 Be8 30. Re1 Kh7 31. Bxf7 Rd7 32. Qc8 Re7 33. Qf5+ Kh8 34. Bd5
Bd7 35. Qh5 Be8 36. Qg4 Bd7 37. f5 Re5 38. Qd4 Bxf5 39. Qxa7 Rxd5 40. Qa8+ 1-0

[Event "Challenge"]
[Site "http://www.queenalice.com/game.php?id=1644660"]
[Date "2021.2.24"]
[Round "-"]
[White "jbugg"]
[Black "dpambakian"]
[Result "0-1"]
[WhiteElo "1312"]
[BlackElo "1412"]

1. e4 e5 2. Nc3 Bc5 3. Nh3 Nh6 4. d3 Qf6 5. Qd2 Ng4 6. f3 Nh6 7. Qd1 O-O 8. Qe2
Nc6 9. Bd2 Nd4 10. Qd1 d6 11. Be3 Ne6 12. Nd5 Qh4+ 13. Bf2 Qh5 14. Bxc5 dxc5 15.
Be2 Nd4 16. Qd2 Be6 17. Bf1 Qh4+ 18. Nf2 Bh3 19. gxh3 Nxf3+ 20. Ke2 Nxd2 21.
Kxd2 Qxf2+ 22. Kc3 Rfd8 23. Nxc7 Rac8 24. Nb5 a6 25. Na3 c4 26. dxc4 a5 27. b3
Qf3+ 28. Kb2 Qxh1 29. c3 Rd2+ 30. Nc2 b5 31. cxb5 Qxe4 32. Bc4 Qxc2+ 33. Ka3
Qb2+ 34. Ka4 Ra8 35. Bd5 Qxa1 0-1

[Event "Challenge"]
[Site "http://www.queenalice.com/game.php?id=1645738"]
[Date "2021.3.5"]
[Round "-"]
[White "dpambakian"]
[Black "jbugg"]
[Result "1-0"]
[WhiteElo "1415"]
[BlackElo "1322"]

1. e4 e5 2. Nc3 Bc5 3. Bc4 Qf6 4. Nh3 d6 5. Nd5 Qd8 6. O-O c6 7. Nc3 Qf6 8. d3
Qg6 9. Ng5 Be6 10. Be3 Bxe3 11. Nf3 Bh3 12. Nh4 Qg5 13. Ne2 b5 14. Bb3 Qxg2+ 15.
Nxg2 Bc5 16. Re1 Nh6 17. Nh4 O-O 18. Ng3 Re8 19. c3 Re6 20. d4 Rf6 21. dxe5
Bxf2+ 22. Kh1 Bxe1 23. exf6 Bxg3 24. hxg3 Bg4 25. Qxd6 Na6 26. Qf4 g6 27. Qxh6
Bf3+ 28. Nxf3 Rf8 29. Qg7# 1-0

[Event "Challenge"]
[Site "http://www.queenalice.com/game.php?id=1647179"]
[Date "2021.3.20"]
[Round "-"]
[White "jbugg"]
[Black "dpambakian"]
[Result "1-0"]
[WhiteElo "1285"]
[BlackElo "1471"]

1. e4 e5 2. Nf3 Bc5 3. Nxe5 Nf6 4. Nc3 O-O 5. Na4 Bd4 6. Ng4 d6 7. c3 Nxg4 8.
cxd4 Qf6 9. Qe2 b5 10. f3 Nh6 11. Qxb5 Bd7 12. Qb7 Nc6 13. Qxc7 Rad8 14. d5 1-0

[Event "upanema online"]
[Site "http://www.queenalice.com/game.php?id=1647466"]
[Date "2021.3.22"]
[Round "1"]
[White "Williamis4"]
[Black "jbugg"]
[Result "1-0"]
[WhiteElo "1303"]
[BlackElo "1310"]

1. e4 e5 2. Nf3 Nc6 3. Bc4 h6 4. d4 exd4 5. Qxd4 Nxd4 6. Nxd4 Nf6 7. Nc3 Bb4 8.
Bf4 Bxc3+ 9. bxc3 Nxe4 10. Nb5 c6 11. Nc7+ Qxc7 12. Bxc7 Nxc3 13. O-O O-O 14.
Rfe1 b5 15. Bb3 d5 16. Bd6 Rd8 17. Bc7 Rd7 18. Ba5 Ne4 19. f3 Nd6 20. Bb4 Nc4
21. c3 Nb6 22. Bc2 a5 23. Re8# 1-0

[Event "Challenge"]
[Site "http://www.queenalice.com/game.php?id=1647889"]
[Date "2021.3.27"]
[Round "-"]
[White "jbugg"]
[Black "dpambakian"]
[Result "0-1"]
[WhiteElo "1285"]
[BlackElo "1456"]

1. e4 e5 2. Nf3 Bc5 3. Nxe5 Nh6 4. Nd3 O-O 5. Nxc5 Nc6 6. Bd3 d6 7. Nb3 Qf6 8.
O-O Qg6 9. Qf3 Bg4 10. Qe3 Rae8 11. Nc3 Ne5 12. Qxa7 Ra8 13. Qxb7 Rab8 14. Qxc7
Bh3 15. g3 Rbc8 16. Qb6 Nf3+ 17. Kh1 Qh5 18. Be2 Bg2+ 19. Kxg2 Qxh2+ 20. Kxf3 f5
21. Qxd6 fxe4+ 22. Ke3 Nf5+ 23. Kxe4 Nxd6+ 24. Kd3 Rfd8 25. a4 Nf5+ 26. Ke4 Nd6+
27. Kf3 Rf8+ 28. Ke3 Rce8+ 29. Kd3 Qh6 30. f4 Qg6+ 31. f5 Qxg3+ 32. Kd4 Nxf5+
33. Kc4 Rb8 34. a5 Rfd8 35. Bd3 Qc7+ 36. Nc5 Rd4# 0-1

[Event "Challenge"]
[Site "http://www.queenalice.com/game.php?id=1647988"]
[Date "2021.3.28"]
[Round "-"]
[White "jbugg"]
[Black "zecafernandes"]
[Result "1-0"]
[WhiteElo "1288"]
[BlackElo "1341"]

1. e4 e5 2. Nf3 Nc6 3. Bc4 Nh6 4. d3 Bc5 5. O-O Na5 6. Bd5 Qe7 7. Bb3 Qf6 8. Qd2
Nxb3 9. axb3 O-O 10. Ra5 b6 11. Ra4 a6 12. b4 b5 13. Ra3 d6 14. bxc5 Qg6 15. Nh4
Qf6 16. Nf3 Qg6 17. cxd6 cxd6 18. Rc3 Bh3 19. Nh4 Qe6 20. Qe3 Bg4 21. h3 Bh5 22.
g4 Nxg4 23. hxg4 Qxg4+ 24. Qg3 Qe2 25. Nd2 Qg4 26. Qxg4 Bxg4 27. f3 Bh3 28. Rf2
g5 29. Rh2 Be6 30. Ng2 f6 31. Rc7 Rf7 32. Rxf7 Kxf7 33. Rxh7+ Kg6 34. Rb7 Rh8
35. Nb3 Kh5 36. Rb6 g4 37. fxg4+ Bxg4 38. Rxd6 Kg6 39. Rxa6 Bd1 40. Ne3 Rh3 41.
Nxd1 Rg3+ 42. Kh2 Rg4 43. Rb6 Rh4+ 44. Kg3 Kh5 45. Rxf6 Rg4+ 46. Kh3 Rh4+ 47.
Kg2 Rg4+ 48. Kf3 Kh4 49. Nf2 Rg3+ 50. Ke2 1-0

[Event "Challenge"]
[Site "http://www.queenalice.com/game.php?id=1648350"]
[Date "2021.3.31"]
[Round "-"]
[White "jbugg"]
[Black "jamdeg00"]
[Result "0-1"]
[WhiteElo "1308"]
[BlackElo "1135"]

1. e4 e5 2. Nf3 Nc6 3. Nc3 Bc5 4. Bc4 Nh6 5. d3 g5 6. Nxg5 Rf8 7. Nxh7 Rh8 8.
Ng5 f6 9. Nf7 Nxf7 10. Qg4 Nd6 11. Qg6+ Ke7 12. Nd5+ Ke6 13. Nf4+ Ke7 14. Nd5+
Ke6 15. Nxf6+ Nxc4 16. dxc4 Qxf6 17. Qg4+ Ke7 18. Bg5 Bxf2+ 19. Kf1 Rf8 20.
Bxf6+ Rxf6 21. Qg5 Bh4+ 22. Qf5 Rxf5+ 23. exf5 d6 24. g3 Bf6 25. Kg2 Na5 26. b3
Bxf5 27. Raf1 Be4+ 28. Kh3 Bxh1 29. Rxh1 Rg8 30. a4 Rg5 31. g4 e4 32. Re1 Re5
33. b4 Nxc4 34. a5 e3 35. Kg3 Na3 36. c3 e2 37. Kf2 Bh4+ 38. Kf3 Bxe1 0-1

[Event "upanema online"]
[Site "http://www.queenalice.com/game.php?id=1648921"]
[Date "2021.4.7"]
[Round "2"]
[White "jbugg"]
[Black "Boltonben"]
[Result "0-1"]
[WhiteElo "1285"]
[BlackElo "1100"]

1. e4 e6 2. Nc3 d5 3. e5 c5 4. Na4 c4 5. c3 Nc6 6. Nf3 f6 7. d4 cxd3 8. Qxd3
fxe5 9. Bg5 Be7 10. Be3 e4 11. Qe2 exf3 12. Qxf3 Nf6 13. Bb5 Bd7 14. O-O Qc7 15.
Bf4 Bd6 16. Bg5 O-O 17. Rfe1 Ne5 18. Qe2 Ne4 19. Bxd7 Qxd7 20. Bf4 Rxf4 21. Rf1
Qxa4 22. g3 Rf3 23. b3 Qa6 24. Qd1 Qd3 25. Qe1 Qxc3 26. Qd1 Raf8 27. Rc1 Qd3 28.
Qe1 Rxf2 29. Rxf2 Rxf2 30. Rd1 Nf3+ 31. Kh1 Nxe1 32. Rxd3 Rf1# 0-1

[Event "Challenge"]
[Site "http://www.queenalice.com/game.php?id=1649220"]
[Date "2021.4.10"]
[Round "-"]
[White "dpambakian"]
[Black "jbugg"]
[Result "0-1"]
[WhiteElo "1426"]
[BlackElo "1266"]

1. e4 e5 2. Nf3 d6 3. d4 exd4 4. Bg5 f6 5. Bf4 c5 6. Bb5+ Bd7 7. Bc4 g5 8. Bg3
g4 9. Nh4 b5 10. Bd5 Bc6 11. Qxg4 Bxd5 12. exd5 Ne7 13. O-O Nxd5 14. Re1+ Ne7
15. Qh5+ Kd7 16. Nd2 Nbc6 17. b3 Nb4 18. Ne4 Nxc2 19. Nxf6+ Kc7 20. Qf7 Nxe1 21.
Nd5+ Kc6 22. Nf4 Nc2 23. Ne6 Qa5 24. Rc1 Ne1 25. h3 Qd2 26. Bf4 Qe2 27. Bg3 Nd3
28. b4 Nxc1 29. bxc5 d5 30. Nxd4+ Kxc5 31. Nxe2 Nxe2+ 32. Kf1 Nxg3+ 33. fxg3 Kd6
34. Qf6+ Kd7 35. Qxh8 h6 36. Qh7 Rc8 37. Ng6 Rc1+ 38. Kf2 Rc2+ 39. Kg1 Rc6 40.
Nxf8+ Kd6 41. Qxh6+ Kc5 42. Qe3+ d4 43. Qxe7+ Kb6 44. Nd7+ Kc7 45. Ne5+ Kb6 46.
Qd8+ Rc7 47. a4 bxa4 48. Qxd4+ Kb5 49. g4 a5 50. g5 Rc1+ 51. Kh2 Rc8 0-1

[Event "Challenge"]
[Site "http://www.queenalice.com/game.php?id=1649303"]
[Date "2021.4.10"]
[Round "-"]
[White "jbugg"]
[Black "DAN1958"]
[Result "0-1"]
[WhiteElo "1276"]
[BlackElo "1427"]

1. e4 e5 2. Nf3 f6 3. Bc4 Ne7 4. Nh4 d6 5. Qf3 Nbc6 6. O-O Nd4 7. Qd1 g5 8. Nf5
Ndxf5 9. exf5 Bxf5 10. Qh5+ Bg6 11. Qg4 Bxc2 12. Na3 Bg6 13. Qe6 Bg7 14. Bb5+ c6
15. Bc4 d5 16. Bb3 Qd7 17. Qh3 Qxh3 18. gxh3 Nf5 19. d3 Rd8 20. Ba4 b5 21. Bc2
d4 22. Bd1 Rd6 23. Bf3 Ne7 24. Bg2 Bxd3 25. Rd1 Bf5 26. Rd2 h5 27. Re2 a6 28.
Bd2 Kd7 29. Bb4 Re6 30. Rc1 Nd5 31. Be1 Rc8 32. Rec2 Bxc2 33. Rxc2 h4 34. Rc5
Nf4 35. Rc2 Nd3 36. Ba5 Nf4 37. Bd2 Nd3 38. Be4 Nf4 39. Bxf4 exf4 40. Bf5 Kd6
41. Bxe6 Kxe6 42. Rc5 Bf8 43. Rc2 Kf7 44. Rc5 Bxc5 45. Kg2 Kg6 46. Nb1 Re8 47.
Nd2 Re2 48. Nf3 Rxb2 0-1

[Event "Challenge"]
[Site "http://www.queenalice.com/game.php?id=1746503"]
[Date "2021.4.27"]
[Round "-"]
[White "jbugg"]
[Black "dpambakian"]
[Result "1-0"]
[WhiteElo "1306"]
[BlackElo "1426"]

1. e4 e5 2. Nf3 Bc5 3. Nxe5 Nf6 4. Nc3 O-O 5. Qf3 d6 6. Nc4 Bg4 7. Qf4 Nbd7 8.
Be2 Be6 9. e5 dxe5 10. Nxe5 Nh5 11. Qf3 g6 12. Nxd7 Bxd7 13. Ne4 c6 14. Nxc5 1-0